01347nam a2200349 a 4500001001200000003000800012006001900020007001500039008004100054010001700095020001800112020002700130040002100157035002100178050002500199082001700224100001600241245013600257260005600393300002400449504005100473533015200524650002100676650001600697650002400713650003200737650003300769650002300802655002900825710001700854856012600871ebr10483580CaPaEBRm u cr cn|||||||||110128s2011 caua sb 001 0 eng d z 2011003602 z9780520266704 z9780520949645 (e-book) aCaPaEBRcCaPaEBR a(OCoLC)74741213614aGN282.5b.F35 2011eb04a599.93/82221 aFalk, Dean.14aThe fossil chroniclesh[electronic resource] :bhow two controversial discoveries changed our view of human evolution /cDean Falk. aBerkeley :bUniversity of California Press,cc2011. axiv, 259 p. :bill. aIncludes bibliographical references and index. aElectronic reproduction.bPalo Alto, Calif. :cebrary,d2011.nAvailable via World Wide Web.nAccess may be limited to ebrary affiliated libraries. 0aFossil hominids. 0aFlores man. 0aAustralopithecines. 0aHuman remains (Archaeology) 0aHuman evolutionxPhilosophy. 0aPaleoanthropology. 7aElectronic books.2local2 aebrary, Inc.40uhttp://site.ebrary.com/lib/rucke/Doc?id=10483580zAn electronic book accessible through the World Wide Web; click to view